Atalanta Squad 2024-2025 - Statistics

General Stats
  • This quiz has been taken 397 times
    191 since last reset
  • The average score is 23 of 28
Answer Stats
# Position Nation Player % Correct
11 FW Nigeria Ademola Lookman
97%
8 MF Croatia Mario Pašalić
95%
13 MF Brazil Éderson
94%
15 MF Netherlands Marten de Roon
91%
23 DF Bosnia and Herzegovina Sead Kolašinac
91%
4 DF Sweden Isak Hien
90%
19 DF Albania Berat Djimsiti
89%
- Coach Italy Gian Piero Gasperini
89%
9 FW Italy Gianluca Scamacca
87%
2 DF Italy Rafael Tolói
87%
28 GK Portugal Rui Patrício
87%
7 MF Colombia Juan Cuadrado
86%
32 FW Italy Mateo Retegui
86%
17 MF Belgium Charles De Ketelaere
84%
77 MF Italy Davide Zappacosta
84%
29 GK Italy Marco Carnesecchi
84%
3 DF Ivory Coast Odilon Kossounou
82%
42 DF Italy Giorgio Scalvini
76%
22 MF Italy Matteo Ruggeri
76%
24 MF Serbia Lazar Samardžić
74%
5 DF Austria Stefan Posch
74%
16 DF Italy Raoul Bellanova
71%
5 DF England Ben Godfrey
70%
10 MF Italy Nicolò Zaniolo
66%
6 MF Ghana Ibrahim Sulemana
63%
70 MF Italy Daniel Maldini
61%
44 MF Italy Marco Brescianini
61%
31 GK Italy Francesco Rossi
57%
No matching quizzes found
Score Distribution
Percent of People with Each Score
Percentile by Number Answered
Your Score History
You have not taken this quiz since the last reset